[Event "11th Tal Memorial Blitz 2018"]
[Site "Moscow"]
[Date "2018.03.05"]
[Round "11"]
[White "Fedoseev, Vladimir"]
[Black "Nakamura, Hikaru"]
[Result "1/2-1/2"]
[WhiteElo "2724"]
[BlackElo "2842"]
[Annotator "TA"]
[PlyCount "91"]
[EventDate "2018.??.??"]
[EventType "blitz"]
[EventCountry "RUS"]
[SourceTitle "playchess.com"]
[Source "ChessBase"]
[SourceQuality "1"]

{[%evp 29,91,22,35,-18,0,-6,0,-9,20,26,208,203,970,941,862,26,13,38,32,21,11,22,50,0,0,-6,0,0,0,-8,48,49,39,54,51,52,70,70,99,93,126,126,183,72,66,69,72,0,0,0,123,8,8,8,8,8,8,8,8,0,0,0,0,0]} 1. e4 c5 2. Nf3 d6 3. d4 cxd4 4. Nxd4 Nf6 5. Nc3 g6 6. Bc4 Bg7 7. f3 O-O 8. Be3 Nc6 9. Qd2 Bd7 10. O-O-O Rb8 11. Bb3 Na5 12. h4 b5 13. h5 Nc4 14. Bxc4 bxc4 15. hxg6 {B78: Sicilian Dragon: Yugoslav Attack, 9 Bc4 Bd7 10 0-0-0 Rc8} (15. Kb1 Re8 16. h6 Bh8 17. Nde2 Qa5 18. Bd4 Qa3 19. Qc1 Rb7 20. Ka1 Qa5 21. Qd2 Reb8 22. Rb1 Rc8 {½-½ (118) Shankland,S (2632)-Cvitan,O (2535) Biel 2014}) 15... fxg6 {LiveBook: 5 Games} 16. Bh6 (16. Kb1 $14) 16... Qb6 $11 {[%csl Gb8][%cal Rb6b2]} 17. b3 {Hoping for Bxg7.} Bxh6 18. Qxh6 Qa5 19. Kb2 $146 ({Predecessor:} 19. Nd5 Rf7 20. Nxf6+ exf6 21. Qe3 Qxa2 22. Qc3 cxb3 23. Nxb3 {½-½ (60) Ivekovic,B (2084)-Muskardin,M (2192) Zagreb 2011}) 19... Rfc8 $2 {[#]} (19... Rf7 $11 {and Black is okay.}) 20. Nd5 $1 $18 {[%cal Rd5f6][%mdl 512]} cxb3 $2 (20... Kf7 21. Nxf6 cxb3 22. axb3 Kxf6 23. Qf4+ Kg7 24. Rxh7+ Kxh7 25. Qf7+ Kh8 26. Rh1+ Qh5 27. Rxh5+ gxh5 28. Qxe7 Rd8 29. Qxd6 a6 30. Qxa6 Rf8 31. Qh6+ Kg8 32. Qg5+ Kh8 33. Qxh5+ Kg7 34. Qg5+ Kh8) (20... Nxd5 21. Qxh7+) 21. axb3 Kf7 22. Qd2 $2 (22. Nxf6 $18 Kxf6 23. Qf4+ Kg7 24. Rxh7+ $3 {[%mdl 512]} Kxh7 25. Qf7+ Kh8 26. Rh1+ Qh5 27. Rxh5+ gxh5 28. Qxe7) 22... Qxd2 $11 23. Rxd2 h5 24. Nxf6 Kxf6 25. Ra1 Rb7 26. Rd3 g5 27. Rc3 Rh8 28. Ra5 h4 29. Nc6 h3 (29... Rc8 $11 30. Nxa7 Ra8) 30. gxh3 $1 $14 Rxh3 31. e5+ dxe5 32. Nxe5 Bf5 33. Nc6 Rh2 34. Nxa7 e6 35. Nc6 Rd7 (35... g4 $16) 36. Ne5 (36. b4 $18 {is more deadly.}) 36... Rd5 $16 37. Rxd5 exd5 {[#]} 38. Ng4+ ({Better is} 38. Nc6 $1 $16) 38... Bxg4 $1 $11 39. fxg4 {[%mdl 4096] Endgame Strongly threatening b4. KR-KR} d4 {[#]} (39... Rg2 $11 {keeps the balance.}) 40. Rd3 ({White should play} 40. Rc4 $1 $16) 40... Ke5 {The position is equal.} 41. b4 {[%cal Bb3b4,Bb4b5,Bb5b6][%mdl 32]} Rg2 42. b5 {And now b6 would win.} Rxg4 43. b6 {Intending b7 and mate.} Rf4 44. c4 dxc3+ 45. Rxc3 {Threatens to win with b7.} Rf8 46. Rb3 {Precision: White = 41%, Black = 47%.} 1/2-1/2

[Event "11th Tal Memorial Blitz 2018"]
[Site "Moscow"]
[Date "2018.03.05"]
[Round "11"]
[White "Mamedyarov, Shakhriyar"]
[Black "Nepomniachtchi, Ian"]
[Result "1/2-1/2"]
[WhiteElo "2714"]
[BlackElo "2768"]
[Annotator "TA"]
[PlyCount "110"]
[EventDate "2018.??.??"]
[EventType "blitz"]
[EventCountry "RUS"]
[SourceTitle "playchess.com"]
[Source "ChessBase"]
[SourceQuality "1"]

{[%evp 9,110,50,42,0,41,-7,8,-7,-5,-2,-16,-31,-28,-89,-94,-86,-89,-95,-95,-125,-111,-122,-104,-100,-91,-191,-129,-256,-260,-236,-148,-140,-136,-232,-146,-208,-168,-206,-222,-214,-228,-192,-199,-697,-126,-91,-22,-27,-22,-26,-29,-26,-24,-30,-30,-27,-26,-26,-27,-22,-29,-20,-17,-17,-8,-8,-8,-8,-8,-39,-23,-60,-35,-54,-12,-28,-32,-54,-52,-58,-61,-105,-78,-80,-80,-80,-80,-106,-20,-80,0,-78,-39,-220,-230,-244,0,-172,0,-233,0,-87,0]} 1. d4 d5 2. c4 e5 3. dxe5 d4 4. Nf3 Nc6 5. a3 Nge7 {[%cal Bg8e7,Be7f5,Bf5g3][%mdl 32] LiveBook: 158 Games} 6. Bg5 {D08: Albin Counter Gambit} (6. b4 Ng6 7. Bb2 a5 8. b5 Ncxe5 9. Nxe5 Nxe5 10. Qxd4 Qxd4 11. Bxd4 Nxc4 12. e3 Be6 13. Be2 {0-1 (30) Wojtaszek,R (2749)-Morozevich,A (2676) Doha 2016}) 6... Bg4 7. Nbd2 h6 8. Bh4 {The position is equal.} g5 9. Bg3 Nf5 10. Qc2 $146 ({Predecessor:} 10. Qb3 Qd7 11. Qxb7 Rb8 12. e6 Qxe6 13. Qxc7 Nxg3 14. hxg3 {0-1 (36) Eriksen,D-Smeby,O Hammerfest 1994}) 10... Qe7 11. Qe4 (11. Ne4 $1 $11 O-O-O 12. O-O-O) 11... h5 $17 12. h3 Nxg3 13. fxg3 Bd7 14. e3 dxe3 15. Qxe3 g4 16. hxg4 Bxg4 17. Be2 (17. O-O-O $17 {was called for.}) 17... O-O-O ({Black should play} 17... Bh6 $19 18. Qd3 Nxe5) 18. Qc3 (18. Nb3 $17 {was worth a try.}) 18... Bg7 $19 19. O-O-O Nxe5 20. Qc2 Nc6 $36 {[%mdl 2048] Black is really pushing.} 21. Bd3 (21. Rhe1 $17) 21... Kb8 {aiming for ...Qe3.} 22. Rhe1 (22. Kb1 $17) 22... Qf6 23. Ne4 Qh6+ $1 24. Kb1 Nd4 25. Qf2 Qb6 $1 26. Neg5 $2 (26. c5 Qb3 27. Bc2 Nxc2 28. Qxc2 Rxd1+ 29. Rxd1 Qxc2+ 30. Kxc2) 26... Rhe8 $2 (26... Nxf3 $19 27. Qxb6 Nxe1) 27. Nxf7 $17 Nxf3 (27... Qb3 $17 28. Bg6 (28. Nxd8 Rxe1 29. Nc6+ bxc6 $19) 28... Nxf3 29. Rxd8+ Rxd8 30. gxf3 Rd1+ 31. Rxd1 Qxd1+ 32. Ka2 Be6) 28. Qxb6 $11 axb6 29. gxf3 Rxe1 30. Rxe1 Rxd3 31. fxg4 hxg4 $17 {[%mdl 4096] Endgame KRB-KRN} 32. Re8+ Ka7 33. Rg8 Bf6 34. Rg6 Rf3 35. Rxg4 {Threatening Rf4.} Rf1+ 36. Kc2 $1 {With the idea Rf4.} Rf2+ 37. Kd3 Bxb2 38. Rf4 Rg2 39. Rf3 Bxa3 40. Ng5 c6 {[%cal Bc7c6,Bc6c5][%mdl 32]} 41. Ne4 Bb4 42. Rf2 Rg1 43. Ke2 Ka6 44. Kf3 b5 45. Rb2 c5 46. cxb5+ Kxb5 47. g4 Kc6 48. g5 Kd5 ({Better is} 48... b5 $17 {...Ba5 is the strong threat.} 49. Kf2 Rh1) 49. Re2 (49. Ng3 $11) 49... b5 (49... Rf1+ $1 $17 50. Kg2 Rf7 51. Nf6+ Kc4 52. Re4+ Kd3) 50. Nf6+ (50. Kf2 $1 $11 Ra1 51. g6) 50... Kd4 51. Ng4 $2 ({White has to play} 51. Re4+ $15 Kc3 52. Re5) 51... Rf1+ $19 52. Nf2 Rg1 53. Ng4 {[#] Black should prevent g6.} Rf1+ (53... Bc3 $142 $1 54. Re4+ Kd5 55. Ne3+ Kd6 56. Nf5+ Kc7 57. Re7+ Kc6 58. Re6+ Kd5) 54. Nf2 $1 Rg1 $2 (54... Bc3 $19 {White must now prevent ...b4.} 55. g6 Kd5 56. Rd2+ Kc6) 55. Nh3 {[#]} (55. Ng4 $11 {keeps the balance.}) 55... Rf1+ {Precision: White = 40%, Black = 42%.} ({Black should try} 55... Rh1 $1 $17 {[%cal Rh1h3]} 56. Re4+ Kc3) 1/2-1/2

[Event "11th Tal Memorial Blitz 2018"]
[Site "Moscow"]
[Date "2018.03.05"]
[Round "11"]
[White "Andreikin, Dmitry"]
[Black "Anand, Viswanathan"]
[Result "1/2-1/2"]
[WhiteElo "2712"]
[BlackElo "2801"]
[Annotator "TA"]
[PlyCount "124"]
[EventDate "2018.??.??"]
[EventType "blitz"]
[EventCountry "RUS"]
[SourceTitle "playchess.com"]
[Source "ChessBase"]
[SourceQuality "1"]

{[%evp 21,124,6,13,8,35,0,0,7,7,0,50,0,10,7,37,37,37,37,37,33,27,0,28,0,15,12,46,38,91,81,79,92,171,170,171,155,175,168,180,170,177,166,160,145,143,154,176,179,178,168,198,196,183,182,191,182,182,182,182,182,182,185,182,100,199,181,176,83,95,51,51,51,51,51,100,0,81,81,81,81,81,81,81,81,81,0,0,0,81,0,0,0,81,88,95,95,95,95,95,95,95,0,0,0,0]} 1. Nf3 d5 2. b3 Nf6 3. Bb2 e6 4. c4 c5 5. cxd5 exd5 6. e3 Nc6 7. Bb5 Bd6 8. d4 {A13: English Opening: 1...e6} O-O (8... cxd4 9. Nxd4 O-O 10. Nxc6 bxc6 11. Be2 Qa5+ 12. Bc3 Bb4 13. Qd2 Rb8 14. Bxb4 Qxb4 15. Qxb4 Rxb4 {0-1 (41) Karjakin,S (2760)-Wei,Y (2739) Medias 2017}) 9. dxc5 Bxc5 10. O-O Bg4 11. Bxc6 bxc6 {LiveBook: 10 Games} 12. Qc2 Ne4 13. Nbd2 (13. Nc3 $5 {[%cal Rc3e4]} Nd6 14. Ne2 Bxf3 15. gxf3 Qg5+ 16. Ng3 $14) 13... Nxd2 14. Nxd2 Bb6 $146 ({Predecessor:} 14... Bb4 15. a3 Bxd2 16. Qxd2 {1-0 (39) Zhao,X (2504)-Krivec,J (2264) Doha 2016}) 15. h3 Be6 16. b4 ({Reject} 16. Qxc6 Rc8 $17) (16. Qc3 {feels hotter.} d4 17. exd4 Bd5 18. Nc4 Re8 19. Ne3) 16... Rc8 17. Bd4 $40 {[%mdl 128] White mounts an attack.} Qd6 (17... Re8 {keeps more tension.} 18. Nf3 Qd7 19. Ne5 Qd6 20. Qc3 f6) 18. Bc5 Bxc5 19. bxc5 Qd7 20. Nf3 Bf5 21. Qc3 Rb8 22. Qe5 f6 (22... Rbe8 $5 {[%cal Re8e5]} 23. Qd6 Rd8 $14) 23. Qg3 Be4 24. Nd4 Rb4 (24... Rfc8 $14) 25. Qd6 $16 Qxd6 26. cxd6 c5 (26... Kf7 $16 {keeps fighting.}) 27. Ne6 $18 {Black must now prevent d7.} Rb6 28. Nxf8 Kxf8 {[%mdl 4096] Endgame KRR-KRB} 29. Rfd1 c4 30. Rac1 $1 {aiming for d7.} Ke8 31. Rd4 Rb5 32. f3 Bd3 33. e4 dxe4 34. d7+ ({Much less strong is} 34. fxe4 $6 Kd7 $16) 34... Kd8 35. fxe4 Ra5 36. Re1 Re5 37. Kf2 h5 38. Rd5 Rxd5 39. exd5 {KR-KB} c3 40. Ke3 Bg6 41. Kd4 c2 42. Kc3 (42. h4 $1 $18) 42... Kxd7 (42... Be4 $16) 43. Kd2 $1 Bf7 44. Kxc2 (44. Re3 $1 $18 {and White stays clearly on top.}) 44... Bxd5 $16 45. g3 Bxa2 46. Ra1 Be6 47. Rxa7+ Ke8 48. Rxg7 (48. h4 $16) 48... Bxh3 (48... Bf7 $1 $11 {remains equal.}) 49. Kd3 Kf8 50. Ra7 (50. Rb7 {seems wilder.} Bg4 51. Ke4 Be6 52. Ke3 Bf5 53. Kf3) 50... Bg4 51. Ke4 Bh3 52. Kf4 Bg4 53. Ra5 (53. Rh7 $16) 53... Kf7 $11 54. Rc5 {Rb5 is the strong threat.} Kf8 {[#]} (54... Kg7 $11) 55. Ke4 (55. Rc7 $1 $16) 55... Kf7 56. Kd5 {And now Ke4 would win.} Kf8 {[#]} (56... h4 $11 57. gxh4 Kg6) 57. Rc7 $1 $16 Bh3 58. Kd6 Bg4 59. Rh7 Kg8 60. Re7 Kf8 61. Re4 (61. Ra7 $16) 61... Kf7 $11 62. Rf4 Bh3 {Precision: White = 61%, Black = 59%.} 1/2-1/2

[Event "11th Tal Memorial Blitz 2018"]
[Site "Moscow"]
[Date "2018.03.05"]
[Round "12"]
[White "Karjakin, Sergey"]
[Black "Gelfand, Boris"]
[Result "1-0"]
[WhiteElo "2868"]
[BlackElo "2745"]
[Annotator "TA"]
[PlyCount "49"]
[EventDate "2018.??.??"]
[EventType "blitz"]
[EventCountry "RUS"]
[SourceTitle "playchess.com"]
[Source "ChessBase"]
[SourceQuality "1"]

{[%evp 14,49,8,0,8,0,31,4,22,16,33,33,60,60,50,58,51,54,79,54,62,48,95,101,118,103,121,98,325,324,316,319,324,317,329,323,345,361]} 1. b3 e5 2. Bb2 Nc6 3. e3 d6 4. c4 g6 5. Nf3 Bg7 6. Be2 Nf6 7. d4 O-O 8. O-O {LiveBook: 9 Games} Bf5 {E60: King's Indian: Unusual lines and Fianchetto Variation without Nc3} (8... exd4 9. Nxd4 Re8 10. Nxc6 bxc6 11. Bf3 Bd7 12. Nc3 Rb8 13. h3 c5 14. Qd2 h5 15. Rad1 Qe7 16. Rfe1 {1-0 (38) Karjakin,S (2773)-Kasparov,G (2812) Saint Louis 2017}) 9. h3 $146 ({Predecessor:} 9. dxe5 dxe5 10. Qc1 Qe7 11. Ba3 Nb4 12. Nc3 {½-½ (73) Cvek,R (2430)-Inarkiev,E (2545) Pardubice 2002}) 9... h6 10. a3 Re8 {The position is equal.} 11. d5 Nb8 12. Nc3 Ne4 13. Nxe4 Bxe4 14. Nd2 $36 {[%mdl 2048] White is more active.} Bf5 15. b4 a5 16. Bc3 Na6 17. Nb3 axb4 18. axb4 Qg5 19. Kh2 h5 20. Qd2 Be4 $2 {[#]} (20... Rad8 $16) 21. f3 $1 $18 {[%cal Rf3e4] White has a decisive advantage.} Bf5 22. e4 Qxd2 23. Bxd2 ({Less strong is} 23. Nxd2 Bd7 $16) 23... Bd7 24. c5 dxc5 25. b5 {Precision: White = 69%, Black = 24%.} ({Weaker is} 25. bxc5 Reb8 $16) ({Not} 25. Nxc5 Nxc5 26. bxc5 Bf8 $16) 1-0

[Event "11th Tal Memorial Blitz 2018"]
[Site "Moscow"]
[Date "2018.03.05"]
[Round "12"]
[White "Nakamura, Hikaru"]
[Black "Artemiev, Vladislav"]
[Result "1/2-1/2"]
[WhiteElo "2842"]
[BlackElo "2697"]
[Annotator "TA"]
[PlyCount "134"]
[EventDate "2018.??.??"]
[EventType "blitz"]
[EventCountry "RUS"]
[SourceTitle "playchess.com"]
[Source "ChessBase"]
[SourceQuality "1"]

{[%evp 15,134,4,10,2,10,16,13,5,10,16,10,9,14,-31,0,-8,0,0,0,0,0,-8,0,0,0,0,0,-12,0,0,0,-14,0,-17,-16,-14,0,0,0,-31,-31,-45,-49,-61,-64,-73,-62,-95,-94,-94,-86,-104,-104,-104,-104,-104,-104,-104,-104,-104,-104,-104,-104,-104,-104,-104,-104,-104,-104,-104,-104,-104,-104,-104,-104,-104,-104,-104,-104,-104,-104,-104,-104,-104,-104,-104,-104,-104,0,-104,-104,-104,-72,-79,-81,-66,-67,-62,-50,-42,-42,-48,0,0,0,0,0,0,0,0,0,0,0,0,0,0,0,0,0,0,0]} 1. e4 c6 2. d4 d5 3. e5 Bf5 4. h4 h5 5. Bd3 Bxd3 6. Qxd3 {B12: Caro-Kann: Advance Variation} Qa5+ (6... e6 7. Bg5 Be7 8. Nf3 c5 9. dxc5 Nd7 10. b4 Bxg5 11. hxg5 Ne7 12. Nc3 a5 13. Nb5 axb4 14. Nd6+ Kf8 {½-½ (52) Nepomniachtchi,I (2729)-Laznicka,V (2647) Riadh 2017}) 7. Nd2 e6 8. Ne2 Ne7 {LiveBook: 4 Games} 9. O-O Nf5 $146 ({Predecessor:} 9... Qa6 10. c4 Nf5 11. g3 c5 12. b3 Nc6 13. dxc5 {0-1 (27) Gusain,H (2438)-Donchenko,A (2553) Moscow 2017}) 10. Nf3 Qa6 11. Qd1 Be7 12. g3 c5 13. c3 Nc6 14. Be3 Rc8 (14... cxd4 {feels hotter.} 15. cxd4 Rc8 16. Bg5 Bxg5 17. hxg5 Nce7) 15. Qd2 cxd4 16. Nexd4 Ncxd4 17. Nxd4 Nxe3 18. Qxe3 g6 19. a4 Qc4 20. Rfc1 O-O 21. b3 Qc7 22. Kg2 a6 23. Nf3 Kg7 24. Rc2 Rfd8 25. Rd1 b5 26. axb5 axb5 27. Qe2 Qb7 28. Kh2 b4 29. cxb4 Rxc2 30. Qxc2 Rc8 $36 {[%mdl 2048] Black has some pressure.} 31. Qe2 Qxb4 32. Rd3 Rc1 33. Qd2 Qxd2 34. Rxd2 $17 {[%mdl 4096] Endgame KRB-KRN} Rc3 35. Kg2 Rxb3 36. Rc2 Rb7 37. Rc8 Ba3 38. Ng5 Bb2 39. f4 Ba3 40. Kf3 Be7 41. Kg2 Rd7 42. Kf3 Bd8 43. Ke2 Bb6 44. Rb8 Ba7 45. Rc8 Rb7 46. Kf1 Bd4 47. Kg2 Re7 48. Rc6 Rd7 49. Rc8 Bb6 50. Rb8 Ba7 (50... Bc7 {looks sharper.} 51. Rb7 Re7 52. Kf2 Bd8 53. Rb8 Ba5) 51. Rc8 Bb6 52. Rb8 $1 {[%cal Rb8b6]} Bd8 (52... Bc5 {seems wilder.} 53. Kf1 Ba7 54. Rb3 Rc7 55. Rb2 Bd4) 53. Rc8 d4 {[%cal Bd5d4,Bd4d3][%mdl 32]} 54. Ne4 d3 {[#] Threatens to win with ...d2.} 55. Rc1 Rd4 56. Kf3 $1 Ba5 57. Ke3 d2 58. Rd1 Rd5 59. Nxd2 {The position is equal.} f6 (59... Kf8 $5) 60. exf6+ Kxf6 {[#] Hoping for ...Kf5.} 61. Ne4+ Kf5 62. Rb1 e5 63. fxe5 Kxe5 64. Nf2 Bc7 65. Kf3 Ke6 66. Rb3 Rf5+ 67. Kg2 Ra5 {Precision: White = 72%, Black = 65%.} 1/2-1/2

[Event "11th Tal Memorial Blitz 2018"]
[Site "Moscow"]
[Date "2018.03.05"]
[Round "12"]
[White "Anand, Viswanathan"]
[Black "Grischuk, Alexander"]
[Result "1/2-1/2"]
[WhiteElo "2801"]
[BlackElo "2846"]
[Annotator "TA"]
[PlyCount "93"]
[EventDate "2018.??.??"]
[EventType "blitz"]
[EventCountry "RUS"]
[SourceTitle "playchess.com"]
[Source "ChessBase"]
[SourceQuality "1"]

{[%evp 26,93,7,0,12,0,6,0,0,0,0,0,1,0,2,0,0,-13,0,0,0,0,0,0,0,0,0,0,0,0,0,0,0,0,0,0,0,0,0,0,0,0,0,0,0,0,0,0,0,0,0,0,0,0,0,0,0,0,0,-13,0,0,0,0,0,0,0,0,0,0]} 1. e4 e5 2. Nf3 Nc6 3. Bb5 Nf6 4. O-O Nxe4 5. Re1 Nd6 6. Nxe5 Be7 7. Bf1 Nxe5 8. Rxe5 O-O 9. d4 Bf6 10. Re1 Re8 {C67: Ruy Lopez: Berlin Defence: 4 0-0 Nxe4} 11. Rxe8+ Nxe8 12. c3 d5 13. Bf4 c6 14. Nd2 {[%cal Bb1d2,Bd2f3,Bf3e5][%mdl 32] LiveBook: 5 Games. The position is equal.} g6 15. Bd3 Ng7 16. h3 Bf5 17. Bxf5 Nxf5 18. Nf3 Qb6 {[#]} 19. Qd2 $146 Re8 20. Be5 Qd8 21. Re1 Bxe5 (21... Be7 {looks sharper.} 22. Bh2 f6 23. Qe2 Ng7 24. Qd2 Qd7) 22. Rxe5 Rxe5 23. Nxe5 Qe7 24. Nd3 Nd6 25. Qf4 Kg7 26. Qe5+ Qf6 27. Kf1 Nc4 28. Qxf6+ Kxf6 $11 {[%mdl 4096] Endgame KN-KN} 29. Ke2 h5 30. g3 Kf5 31. f3 g5 32. g4+ hxg4 33. hxg4+ Kf6 34. b3 Nd6 35. Nf2 Ke6 36. Kd3 f5 37. c4 dxc4+ 38. bxc4 b5 39. cxb5 cxb5 40. Nd1 fxg4 41. fxg4 a5 42. Ne3 Kf6 43. Nd5+ Ke6 44. Nc7+ Kd7 45. Nd5 Ke6 46. Nc7+ Kd7 47. Nd5 {Precision: White = 77%, Black = 63%.} 1/2-1/2

[Event "11th Tal Memorial Blitz 2018"]
[Site "Moscow"]
[Date "2018.03.05"]
[Round "12"]
[White "Svidler, Peter"]
[Black "Andreikin, Dmitry"]
[Result "1-0"]
[WhiteElo "2793"]
[BlackElo "2712"]
[Annotator "TA"]
[PlyCount "87"]
[EventDate "2018.??.??"]
[EventType "blitz"]
[EventCountry "RUS"]
[SourceTitle "playchess.com"]
[Source "ChessBase"]
[SourceQuality "1"]

{[%evp 15,87,-2,-3,-37,-30,-37,-4,-24,-5,-10,-20,-11,-15,-33,26,19,25,0,23,18,20,0,0,0,3,0,0,-3,0,-10,-6,-19,-11,-42,0,0,0,-14,0,-2,39,31,184,183,183,198,184,184,180,204,270,207,246,195,293,285,291,284,390,389,490,486,503,435,29982,29983,29979,29974,29990,29991,29997,29998,29998,29999]} 1. Nf3 d5 2. g3 Nf6 3. Bg2 c6 4. O-O Bg4 5. c4 e6 6. Qb3 Qb6 {A11: English Opening: 1...c6} 7. Qc2 Nbd7 8. d3 dxc4 {LiveBook: 8 Games. The position is equal.} 9. dxc4 $146 ({Find the theoretical novelty and annotate with similar games:} 9. Qxc4 Bxf3 10. Bxf3 Ne5 11. Qf4 Nxf3+ 12. Qxf3 Be7 13. Nd2 {½-½ (84) Khismatullin,D (2628)-Moskalenko,A (2531) Sochi 2017}) 9... Bf5 10. Qb3 Bc5 11. Nc3 O-O 12. Na4 Qxb3 13. axb3 Bb4 14. Nd4 Be4 (14... Bg6 $15) 15. Bxe4 $11 Nxe4 16. Be3 Rfd8 17. Rfd1 Be7 18. Nc2 f5 19. f3 Nef6 20. b4 Kf7 21. b3 a6 22. Kf2 e5 23. Nc3 Nf8 24. Bc5 Ne6 25. Bxe7 Kxe7 26. h4 h6 27. Na4 g5 28. Ne3 Nd4 $2 {[#]} (28... Ng7 $1 $14) 29. Rxd4 $1 $18 {[%mdl 512]} exd4 (29... Rxd4 30. Nxf5+) 30. Nxf5+ Kf7 31. Nxh6+ Kg6 {And now ...gxh4 would win.} 32. hxg5 d3 33. gxf6 {aiming for Ng4.} Kxh6 {[%mdl 4096] Endgame KRR-KRN} 34. Nc5 dxe2 (34... Kg6 $142 35. Nxd3 (35. Nxb7 Rdb8 $18) 35... Kxf6) 35. Kxe2 Kg6 {[#]} 36. Ne4 $1 ({Less strong is} 36. Nxb7 Rdb8 $16) 36... Rh8 37. g4 Rad8 38. Ra5 Rh2+ 39. Ke3 Rb2 (39... b5 $18 40. Rxa6 Rb2 41. Rxc6 Rxb3+ 42. Kf4 bxc4) 40. Rg5+ {White mates.} Kh6 41. Rg7 Rxb3+ 42. Kf4 Rdd3 43. g5+ Kh5 44. Ng3+ {Precision: White = 59%, Black = 31%.} 1-0

[Event "11th Tal Memorial Blitz 2018"]
[Site "Moscow"]
[Date "2018.03.05"]
[Round "12"]
[White "Nepomniachtchi, Ian"]
[Black "Dubov, Daniil"]
[Result "1/2-1/2"]
[WhiteElo "2768"]
[BlackElo "2767"]
[Annotator "TA"]
[PlyCount "101"]
[EventDate "2018.??.??"]
[EventType "blitz"]
[EventCountry "RUS"]
[SourceTitle "playchess.com"]
[Source "ChessBase"]
[SourceQuality "1"]

{[%evp 9,101,-29,-22,-32,-39,-44,-48,-46,-37,-59,-55,-47,-43,-50,-43,-35,-24,-57,-17,-19,0,18,16,0,16,0,0,-150,-120,-120,-121,-214,-210,-209,-208,-211,-29,-14,-16,-52,-18,-144,-90,-112,-93,-101,-17,-23,-23,-137,-137,-170,-133,-131,-125,-129,-129,-114,31,34,57,0,0,0,0,0,0,0,0,0,0,0,0,-8,0,-8,-8,-8,-8,-8,0,0,0,0,0,0,0,0,0,0,0,0,0,0]} 1. e4 c5 2. a3 Nc6 3. b4 Nf6 (3... cxb4 4. axb4 Nxb4 5. d4 d5 6. c3 Nc6 7. exd5 Qxd5 8. Na3 Bf5 9. Nb5 Rc8 10. Nxa7 Nxa7 11. Rxa7 e5 12. Nf3 exd4 13. Nxd4 Bd7 14. Nb5 Qxd1+ 15. Kxd1 {1-0 (27) Carlsen,M (2837)-Inarkiev,E (2689) Riadh 2017}) 4. b5 Nd4 5. c3 Ne6 {LiveBook: 6 Games} 6. d3 {B20: Sicilian: Unusual White 2nd moves} g6 7. g3 $146 ({Predecessor:} 7. Be2 Bg7 8. Nf3 d6 9. a4 O-O 10. O-O {0-1 (102) Wansink,J (2428)-Telepnev,I (2474) ICCF email 2012}) 7... Bg7 8. Bg2 {Black is slightly better.} O-O 9. Ne2 a6 10. bxa6 Rxa6 11. O-O d6 12. Nd2 b5 13. Bb2 Ng4 14. d4 cxd4 15. cxd4 Bb7 16. Qb3 Qa8 17. f3 Nf6 18. Qxb5 (18. Rfc1 $11) 18... Rb8 $36 {[%mdl 2048] Black is really pushing.} 19. Qd3 Rb6 (19... Bxe4 $2 20. fxe4 Rxb2 21. e5 $18 (21. Nc4 Rxe2 22. Qxe2 Nxd4 $14)) 20. Nc4 (20. Bc3 $17) 20... Ba6 $19 21. Nxb6 {Hoping for Qd2.} Bxd3 22. Nxa8 Bxe2 $2 (22... Rxb2 $19 23. Nc3 Ng4 $1 {[%mdl 512]} 24. fxg4 Bxd4+ 25. Kh1 Bxf1 26. Rxf1 Bxc3) 23. Rfb1 $1 $11 Rxa8 24. a4 Bd3 25. Rc1 (25. Rd1 $1 $11 {was the only way to keep the balance.} Bc2 26. Rd2 Bxa4 27. f4) 25... Nd7 (25... Bh6 $142 {Threatens to win with ...Be3+.} 26. Re1 Bd2) 26. e5 $17 dxe5 27. dxe5 Ndc5 ({Not} 27... Bxe5 $2 28. Bxe5 Nxe5 29. f4 $18) (27... Rb8 $17 28. Bc3 Nxe5) 28. f4 $11 Rb8 29. Ba3 (29. Bc3 $11) 29... Nb3 $17 30. Rab1 {And now Rb2 would win.} Bxb1 31. Rxb1 {[#]} Ned4 $1 32. Bxe7 Bf8 33. Bxf8 Kxf8 (33... Rxf8 $17 34. Bd5 Na5) 34. Bd5 $1 $14 Rb4 35. a5 (35. Kg2 $14) 35... Ne2+ $1 $11 {The position is equal.} 36. Kf2 Nc3 37. Rxb3 Nxd5 38. Rxb4 Nxb4 {[%mdl 4096] Endgame KN-KP} 39. Ke3 Ke7 40. Ke4 h5 41. h3 Kd7 42. g4 hxg4 43. hxg4 Ke7 44. f5 gxf5+ 45. gxf5 {KN-K3P} Kd7 46. Kf4 Nd3+ 47. Ke4 Nb4 48. Kf4 Nd3+ 49. Kg5 Nxe5 50. Kf6 Nc6 {White must now prevent ...Ke8.} 51. Kxf7 {Precision: White = 58%, Black = 57%.} 1/2-1/2

[Event "11th Tal Memorial Blitz 2018"]
[Site "Moscow"]
[Date "2018.03.05"]
[Round "12"]
[White "Fedoseev, Vladimir"]
[Black "Mamedyarov, Shakhriyar"]
[Result "1-0"]
[WhiteElo "2724"]
[BlackElo "2714"]
[Annotator "TA"]
[PlyCount "57"]
[EventDate "2018.??.??"]
[EventType "blitz"]
[EventCountry "RUS"]
[SourceTitle "playchess.com"]
[Source "ChessBase"]
[SourceQuality "1"]

{[%evp 15,57,14,56,14,51,0,50,40,43,33,45,41,58,21,58,57,82,21,38,0,0,0,0,10,118,61,95,68,102,92,325,289,336,334,313,308,385,391,430,439,610,419,1569,1525]} 1. e4 e6 2. d4 d5 3. Nc3 Bb4 4. e5 c5 5. a3 Ba5 6. b4 cxd4 7. Qg4 Kf8 {C18: French: 3 Nc3 Bb4: Main line: 7 h4 and 7 Qg4} 8. Nb5 Bc7 {LiveBook: 10 Games} (8... Bb6 9. Nf3 Nc6 10. Bb2 Nge7 11. Bd3 Ng6 12. Qg3 f6 13. Bxg6 hxg6 14. Nbxd4 Nxd4 15. Bxd4 {½-½ (49) Inarkiev,E (2683)-Vallejo Pons,F (2705) Palma de Mallorca 2017}) 9. Qg3 $146 ({Find the theoretical novelty and annotate with similar games:} 9. Qxd4 Nc6 10. Qc5+ Nge7 11. Nxc7 Qxc7 12. Nf3 a6 13. Bd3 Bd7 14. Bb2 Rc8 15. O-O {0-1 (104) Asgarizadeh,A (2424)-Mirzoev,A (2556) Urmia 2015}) 9... Nc6 {The position is equal.} 10. f4 (10. Nf3 $14) 10... a6 11. Nxc7 Qxc7 12. Bb2 {[%cal Bc1b2,Bb2d4,Bd4c5,Bc5b4][%mdl 32]} Nge7 13. Bd3 {[%mdl 1024] White has compensation.} Nf5 14. Qf2 (14. Bxf5 $5 exf5 15. Ne2 $14) 14... Bd7 15. Nf3 Nce7 16. g4 ({White should try} 16. a4 $16) 16... Ne3 $11 17. Bxd4 (17. Nxd4 $5 {[%cal Rf2e3]} Nc4 18. Bxc4 dxc4 19. O-O-O $11) 17... Nxg4 18. Qh4 $36 {[%mdl 2048] White has some pressure.} Nh6 19. Bc5 Nhg8 (19... Bb5 $11) 20. a4 (20. O-O-O $16) 20... a5 21. Ke2 axb4 22. Bxb4 Rxa4 $2 {[#]} (22... Ke8 $16 {was worth a try.}) 23. Rxa4 $18 Bxa4 24. Ra1 b5 25. Ra3 Ke8 {intending ...Nc6.} 26. Nd4 Qb6 27. Qf2 Qb7 28. Kd2 Nh6 {[#]} (28... h5 $142 29. f5 exf5) 29. Nxb5 $1 {[%mdl 512] Precision: White = 45%, Black = 10%.} 1-0